Leadership for the twenty-first century / (Record no. 4017)

MARC details
000 -LEADER
fixed length control field 00987cam a2200277 a 4500
001 - CONTROL NUMBER
control field 2471039
003 - CONTROL NUMBER IDENTIFIER
control field OSt
005 - DATE AND TIME OF LATEST TRANSACTION
control field 20160513145727.0
008 - FIXED-LENGTH DATA ELEMENTS--GENERAL INFORMATION
fixed length control field 900607s1991 nyua b 001 0 eng
010 ## - LIBRARY OF CONGRESS CONTROL NUMBER
LC control number 90040961
020 ## - INTERNATIONAL STANDARD BOOK NUMBER
International Standard Book Number 0275936708 (alk. paper)
020 ## - INTERNATIONAL STANDARD BOOK NUMBER
International Standard Book Number 027594610X (pbk.)
040 ## - CATALOGING SOURCE
Original cataloging agency DLC
Transcribing agency DLC
Modifying agency DLC
050 00 - LIBRARY OF CONGRESS CALL NUMBER
Classification number HM141
Item number .R685 1991
082 00 - DEWEY DECIMAL CLASSIFICATION NUMBER
Classification number 303.34
Edition number 20
Item number ROS 1993
100 1# - MAIN ENTRY--PERSONAL NAME
Personal name Rost, Joseph C.
9 (RLIN) 8767
245 10 - TITLE STATEMENT
Title Leadership for the twenty-first century /
Statement of responsibility, etc. Joseph C. Rost ; foreword by James MacGregor Burns.
260 ## - PUBLICATION, DISTRIBUTION, ETC. (IMPRINT)
Place of publication, distribution, etc. New York :
Name of publisher, distributor, etc. Praeger,
Date of publication, distribution, etc. 1993.
300 ## - PHYSICAL DESCRIPTION
Extent xv, 220 p. :
Other physical details ill. ;
Dimensions 24 cm.
504 ## - BIBLIOGRAPHY, ETC. NOTE
Bibliography, etc Includes bibliographical references (p. [189]-213) and index.
650 #0 - SUBJECT ADDED ENTRY--TOPICAL TERM
Topical term or geographic name as entry element Leadership.
9 (RLIN) 1402
740 0# - ADDED ENTRY--UNCONTROLLED RELATED/ANALYTICAL TITLE
Uncontrolled related/analytical title Leadership for the 21st century.
906 ## - LOCAL DATA ELEMENT F, LDF (RLIN)
a 7
b cbc
c orignew
d 1
e ocip
f 19
g y-gencatlg
942 ## - ADDED ENTRY ELEMENTS (KOHA)
Source of classification or shelving scheme Dewey Decimal Classification
Koha item type Short Loan
Holdings
Withdrawn status Lost status Source of classification or shelving scheme Damaged status Not for loan Home library Current library Date acquired Inventory number Total Checkouts Full call number Barcode Date last seen Price effective from Koha item type
    Dewey Decimal Classification     MUST Main Library MUST Main Library 13/05/2016 2005/23395   303.34 ROS 1993 2016-1860 13/05/2016 13/05/2016 Short Loan